00572nam a2200145Ia 4500008004100000100001600041245006900057245007600126260003000202650001800232650001500250856006900265999001900334952007300353170221s9999 xx 000 0 und d aYunjian Jia 2aA New Method for Traffic Prediction in Emerging Mobile Networks  cYunjian Jia, Beili Wan, Liang Liang, Qian Zhao, Yu Zhang, and Liang Tan bJournal of Communications xCommunication xMedia Arts uhttp://www.jocm.us/index.php?m=content&c=index&a=lists&catid=154 c312643d312643 001040aCLbCLd2017-02-21l0r2017-02-21 00:00:00w2017-02-21yFOJ